Štatistické metódy v praxi

Saved in:
Bibliographic Details
Main Author: Chajdiak, Jozef
Other Authors: Rublíková, Eva, Gudába, Miroslav
Format: Book
Language:Slovak
Published: Bratislava STATIS 1994
Edition:1. vyd.
Subjects:
Tags: Add Tag
No Tags, Be the first to tag this record!

MARC

LEADER 00000nam a2200000 4500
001 c011756
005 20221128074059.6
020 |a 80-85659-02-6 
041 0 |a slo 
044 |a SK 
245 1 0 |a Štatistické metódy v praxi  |c Jozef Chajdiak, Eva Rublíková, Miroslav Gudába 
250 |a 1. vyd. 
264 1 |a Bratislava  |b STATIS  |c 1994 
300 |a 309 s. 
610 2 0 |a štatistika 
610 2 0 |a metódy štatistické 
610 2 0 |a štatistika matematická 
610 2 0 |a pravdepodobnosť 
610 2 0 |a korelácia 
610 2 0 |a regresia 
610 2 0 |a rady časové 
610 2 0 |a analýza štatistická 
610 2 0 |a ANOVA 
100 1 |a Chajdiak, Jozef 
700 1 |a Rublíková, Eva 
700 1 |a Gudába, Miroslav